Economic dynamics and information

Bibliographic Details
Main Author: Zajac, Jaroslav (Author)
Format: Book
Language:English
PhysicalDescription:X, 274 s. ilustr. 24 cm
Published: Berlin Springer c2006
ISBN:3540326944
9783540326946
Series:Lecture notes in economics and mathematical systems
Subjects:

MARC

LEADER 00000nam a2200000 a 4500
001 vtls009005334
003 SK-MaSNL
005 20260301210326.0
008 251029s2006 gw a n 000 0 eng
015 |a SNBZSA2007-00482 
020 |a 3540326944  |q (brož.) 
020 |a 9783540326946 
035 |a 3ED6D12D-4F60-4441-ABC6-32AE8F72E03D 
035 |a urn:nbn:sk:snk-amlb7c 
035 |a urn:nbn:sk:snk-am0092j9 
040 |a SNK  |b slo  |c SNK  |e AACR2 
041 0 |a eng 
044 |a gw  |c DE 
072 7 |a 33  |x Ekonómia  |2 konspekt 
080 |a 332.05  |2 2001 
080 |a 330.36.01  |2 2001 
100 1 |a Zajac, Jaroslav  |4 aut  |9 369312 
245 1 0 |a Economic dynamics and information  |c Jaroslav Zajac 
260 |a Berlin  |b Springer  |c c2006 
300 |a X, 274 s.  |b ilustr.  |c 24 cm 
490 1 |a Lecture notes in economics and mathematical systems  |v Vol. 576 
504 |a Bibliogr. s. 268-274 
650 0 7 |a Teória rovnováhy  |2 snkph  |9 593673 
650 0 7 |a sieťová ekonomika  |2 snkbuxs  |9 120685 
650 0 7 |a ekonómia  |x informácie  |2 snkbuxs  |9 593674 
650 0 7 |a trhová ekonomika  |2 snkph  |9 2374 
650 0 7 |a matematické modelovanie  |2 snkph  |9 4279 
655 7 |a monografie  |2 snkph  |9 70139 
830 0 |a Lecture notes in economics and mathematical systems  |9 577516 
919 |a 3-540-32694-4 
919 |a 978-3-540-32694-6 
958 |a ZS 
958 |a NB 
999 |c 913232  |d 915162 
952 |a SNK  |b SNK  |y PREZ  |7 0  |p 17A0554771  |o snkSC 128906  |i snk2007/17669  |8 2  |g 77.47  |0 0  |1 0  |4 0  |d 2007-07-06  |f 1  |l 0  |r 2025-06-17 00:00:00  |w 2026-02-24